JRA ヒーロー列伝ポスター - Statistics

General Stats
  • This quiz has been taken 79 times
  • The average score is 49 of 90
Answer Stats
見出し Answer % Correct
風か光かタマモクロス タマモクロス
98%
その名は、タイトルホルダー タイトルホルダー
96%
東京の二千に咲いたムテキの舞い ヤエノムテキ
91%
弾丸シュートだ。 サッカーボーイ
87%
黄金の航路 ゴールドシップ
87%
帝王は、皇帝を超えたか。 トウカイテイオー
85%
そよ風(ゼファー)、というには強烈すぎた。 ヤマニンゼファー
85%
ターフを揺るがす“怒涛”の力。 メイショウドトウ
83%
ありがとう。 オグリキャップ
81%
愛さずにはいられない。 ステイゴールド
81%
淀を愛した、孤高のステイヤー。 ライスシャワー
79%
皐月賞3 1/2馬身、ダービー5馬身、 菊花賞7馬身。 ナリタブライアン
77%
砂上の果実に魅せられて。 レモンポップ
77%
逆指名。 スーパークリーク
75%
王者の讃歌。 テイエムオペラオー
75%
黄金色の芸術 オルフェーヴル
75%
無双の閃光。 イクイノックス
74%
勝ち方を極めたい。 シンボリルドルフ
72%
大王、降臨。 キングカメハメハ
72%
その日、彼女は二つの国の女王となった。 シーザリオ
72%
そして、みんなの愛馬になった。 キタサンブラック
72%
空に描く衝撃の軌跡。 コントレイル
72%
漆黒の帝王 シンボリクリスエス
70%
一着至上主義。 ディープインパクト
70%
その強さ、心酔。 ウオッカ
68%
真の勇者は、戦場を選ばない。 アグネスデジタル
66%
三冠馬の遺伝子。 ジェンティルドンナ
66%
瞳に夢を。 アーモンドアイ
66%
君には冠がよく似合う。 リバティアイランド
66%
主演作12本。 メジロマックイーン
64%
ともに、見る夢。 ドウデュース
64%
最強の戦士。 シンザン
62%
ターフの偉大なる演出家よ。 ミスターシービー
62%
Queen of 1986 メジロラモーヌ
62%
スパルタの風。 ミホノブルボン
62%
マッハの衝撃波。 マヤノトップガン
62%
天馬、空をゆく。 トウショウボーイ
60%
世界が見上げた月。 アドマイヤムーン
60%
明日も、緋色の風が吹く。 ダイワスカーレット
58%
王道を歩み続ける強さ。 スペシャルウィーク
57%
世界を制覇した夏。 タイキシャトル
55%
無垢な未来へ。 ソダシ
55%
ミルリーフの血 イナリワン
53%
選ばれた夢。 グラスワンダー
53%
まだ見ぬ絶景を求めて。 ブエナビスタ
53%
時代の継承 エフフォーリア
53%
Mile Champion ニホンピロウイナー
51%
本当の強さは、誰も知らない。 メジロライアン
51%
夢はきっと叶う デアリングタクト
51%
人呼んで、気まぐれジョージ。 エリモジョージ
49%
世界一の称号、父子の覇道。 ジャスタウェイ
49%
“奇跡”はロングスパートから。 ヒシミラクル
47%
遅れてきた、シンデレラストーリー ストレイトガール
47%
その走りが、新たな道になる。 ソングライン
47%
王道の覇者。 ゼンノロブロイ
45%
その速さ、海を渡る。 ロードカナロア
45%
一緒に見たい夢がある。 サクラローレル
43%
これがオレ達の走りだ。 タップダンスシチー
43%
超えていく、王者。 オジュウチョウサン
43%
衝撃の伝説。 アグネスタキオン
42%
進化する王者、世界の主役。 ハーツクライ
42%
最強最速の進化伝説 モーリス
42%
夢よ、何度でも。 クロノジェネシス
42%
美しき、速さ。 グランアレグリア
42%
父の血。 ミホシンザン
38%
激しく、美しく、燃えさかれ。 エアグルーヴ
38%
記録を残した。記憶を刻んだ。 クロフネ
38%
ターフに咲く、大輪の花。 リスグラシュー
38%
君だけが、見た世界。 ラヴズオンリーユー
38%
翔馬 カツラギエース
36%
想いはひとつ、頂点への道 ナリタトップロード
36%
可憐な翼を、大きく広げて。 アパパネ
36%
太陽の帝王 モンテプリンス
34%
マイルだったら、譲れない。 ニッポーテイオー
34%
鮮やかに、ひたむきに。 ビワハヤヒデ
34%
栄光の数よりも、栄光への道のりが、人生を語る。 ヒカリデユール
32%
走るごとに強く、勝つことに逞しく。 メイショウサムソン
32%
届いた祈り、叶った夢 ヴィクトワールピサ
32%
勇往邁進。終わらない夢。 ロゴタイプ
32%
すべての競馬場で走り、そして最後は秋の淀で自分らしい花を見事に咲かせたね‥‥‥。 ヤマノシラギク
30%
人馬を繋ぐ情熱のステップ メイショウマンボ
30%
速さと強さの理想、才能と努力の結実、未踏の頂点に君臨。 ダイワメジャー
28%
時代を跨ぐ気高き戦士。 フィエールマン
28%
四白 流星 六馬身。 メリーナイス
26%
血の瞬発力。 ダイイチルビー
26%
華やかな闘魂。 ヒシアマゾン
26%
天に舞え。 サクラスターオー
25%
稲妻の衝撃、再び。 カネヒキリ
23%
めざせ、世界のNo.1 アンバーシャダイ
21%
世界に手をかけた勇士。 キョウエイプロミス
21%
No matching quizzes found
Score Distribution
Percent of People with Each Score
Percentile by Number Answered
Your Score History
You have not taken this quiz